000 00520nam a2200181Ia 4500
999 _c28802
_d28802
003 OSt
005 20201124105554.0
008 190216s9999||||xx |||||||||||||| ||und||
020 _a9798188801342
040 _coclc
082 _a894.8123
_bCHA/R
100 _aChandrasekharan, Melath
_96881
245 0 _aRathirakshasam /
_cMelath Chandrasekharan
260 _bLipi Publications,
_aKozhikode:
_c2005.
300 _a93p
650 _aNovel
942 _cBK
_2ddc
_h894.8123
_iCHA/R
_k894.8123
_mCHA/R